Bryman's social research methods / (Record no. 4370)

000 -LEADER
fixed length control field 02988cam a2200457 i 4500
001 - CONTROL NUMBER
control field 21870020
003 - CONTROL NUMBER IDENTIFIER
control field OSt
005 - DATE AND TIME OF LATEST TRANSACTION
control field 20241111120137.0
008 - FIXED-LENGTH DATA ELEMENTS--GENERAL INFORMATION
fixed length control field 210114t20212021enka b 001 0 eng d
010 ## - LIBRARY OF CONGRESS CONTROL NUMBER
LC control number 2021930836
015 ## - NATIONAL BIBLIOGRAPHY NUMBER
National bibliography number GBC197782
Source bnb
016 7# - NATIONAL BIBLIOGRAPHIC AGENCY CONTROL NUMBER
Record control number 020234603
Source Uk
020 ## - INTERNATIONAL STANDARD BOOK NUMBER
International Standard Book Number 9780198796053
Qualifying information (paperback)
020 ## - INTERNATIONAL STANDARD BOOK NUMBER
International Standard Book Number 0198796056
Qualifying information (paperback)
035 ## - SYSTEM CONTROL NUMBER
System control number (OCoLC)on1259542751
040 ## - CATALOGING SOURCE
Original cataloging agency UKMGB
Language of cataloging eng
Transcribing agency UKMGB
Description conventions rda
Modifying agency OCLCO
-- OCLCF
-- QGY
-- YDX
-- BECOE
-- VU@
-- FIE
-- DLC
042 ## - AUTHENTICATION CODE
Authentication code lccopycat
050 00 - LIBRARY OF CONGRESS CALL NUMBER
Classification number H62.B787 2021
082 04 - DEWEY DECIMAL CLASSIFICATION NUMBER
Classification number 300.72
Edition number 23
100 1# - MAIN ENTRY--PERSONAL NAME
Personal name Clark, Tom
Titles and other words associated with a name (Lecturer in research methods),
Relator term author.
245 10 - TITLE STATEMENT
Title Bryman's social research methods /
Statement of responsibility, etc Tom Clark, Liam Foster, Luke Sloan, Alan Bryman.
246 30 - VARYING FORM OF TITLE
Title proper/short title Social research methods
250 ## - EDITION STATEMENT
Edition statement Sixth edition.
260 ## - PUBLICATION, DISTRIBUTION, ETC. (IMPRINT)
Place of publication, distribution, etc London
Name of publisher, distributor, etc Oxford University Press
Date of publication, distribution, etc 2021
300 ## - PHYSICAL DESCRIPTION
Extent xxviii, 670 pages :
Other physical details illustrations ;
Dimensions 27 cm
500 ## - GENERAL NOTE
General note Previous edition: as by Alan Bryman, 2016.
504 ## - BIBLIOGRAPHY, ETC. NOTE
Bibliography, etc Includes bibliographical references and indexes.
520 ## - SUMMARY, ETC.
Summary, etc Clear, comprehensive, and trusted, Bryman's Social Research Methods has supported over a quarter of a million students through their research methods course and research project. Spanning theory and practice and covering quantitative, qualitative, and mixed methods, this bestselling text offers unrivalled coverage of the whole research process. The authors have worked closely with lecturers and students in thoroughly updating the sixth edition to reflect the current social science landscape, and carefully streamlining content to make it relevant and appealing to today's students. As a result, the text's comprehensive coverage - which includes many new examples and additional material on areas such as social media research and big data - is now even clearer, more focused, and easier to navigate. In addition to many new examples of published research, this edition features the insights of a panel of recent graduates from their experiences of researching a variety of fascinating topics, including attitudes towards the LGBT+ community on social media, the experiences of Pakistani Muslim single mothers, and the impact of screen time on sleep. 'Learn from experience' boxes in every chapter contain their candid reflections on the successes and challenges of their projects, and their advice for student researchers. --
650 #0 - SUBJECT ADDED ENTRY--TOPICAL TERM
Topical term or geographic name as entry element Social sciences
General subdivision Research.
650 #0 - SUBJECT ADDED ENTRY--TOPICAL TERM
Topical term or geographic name as entry element Social sciences
General subdivision Methodology.
650 #7 - SUBJECT ADDED ENTRY--TOPICAL TERM
Topical term or geographic name as entry element Social research.
Source of heading or term eclas
650 #7 - SUBJECT ADDED ENTRY--TOPICAL TERM
Topical term or geographic name as entry element Research methods.
Source of heading or term eclas
650 #7 - SUBJECT ADDED ENTRY--TOPICAL TERM
Topical term or geographic name as entry element Social sciences
General subdivision Research
-- Methodology.
Source of heading or term fast
700 1# - ADDED ENTRY--PERSONAL NAME
Personal name Foster, Liam,
Relator term author.
700 1# - ADDED ENTRY--PERSONAL NAME
Personal name Sloan, Luke,
Relator term author.
700 1# - ADDED ENTRY--PERSONAL NAME
Personal name Bryman, Alan,
Relator term author.
700 1# - ADDED ENTRY--PERSONAL NAME
Personal name Bryman, Alan.
Title of a work Social research methods.
906 ## - LOCAL DATA ELEMENT F, LDF (RLIN)
a 7
b cbc
c copycat
d 3
e ncip
f 20
g y-gencatlg
942 ## - ADDED ENTRY ELEMENTS (KOHA)
Source of classification or shelving scheme
Koha item type Book
Holdings
Withdrawn status Lost status Source of classification or shelving scheme Damaged status Not for loan Home library Current library Shelving location Date acquired Full call number Barcode Date last seen Copy number Price effective from Koha item type Total Checkouts
          Riara University Library Riara University Library General stack 08/11/2024 H62.B787 2021 10716/24 11/11/2024 C.1 11/11/2024 Book  
          Riara University Library Riara University Library General stack 08/11/2024 H62.B787 2021 10717/24 11/11/2024 C.2 11/11/2024 Book  

Riara University Library,
P.O. Box 49940-00100,
Nairobi, Kenya.